| 000 | 00629 a2200253 4500 | ||
|---|---|---|---|
| 005 | 20260116140834.0 | ||
| 008 | 260115b |||||||| |||| 00| 0 eng d | ||
| 020 |
_a9780323734165 _c$ 85.99 |
||
| 040 | _aMAIN | ||
| 082 |
_a612 _bP278H(8) |
||
| 100 | _aPatton, Kevin T | ||
| 245 | _aHuman body in health and disease | ||
| 250 | _a8th | ||
| 260 |
_bElsevier _c2024 _aSt. Louis |
||
| 300 | _axxiii,770 | ||
| 650 | _aHuman Body | ||
| 650 | _aHealth Disease | ||
| 650 | _aAnatomy | ||
| 650 | _aPhysiology | ||
| 700 | _aBell, Frank | ||
| 700 | _aThompson, Terry | ||
| 700 | _aWilliamson, Peggie | ||
| 942 | _cBK | ||
| 999 |
_c395208 _d395208 |
||